The State legislature : politics and practice /

Bibliographic Details
Main Author: Jewell, Malcolm E., 1928-2010
Format: Book
Language:English
Published: New York : Random House, [1962]
Series:Random House studies in political science ; PS37.
Subjects:

MARC

Tag First Indicator Second Indicator Subfields
LEADER 00000cam a2200000 a 4500
001 in00000095472
005 20150923173601.0
008 721122s1962 nyu b 00110 engm
010 |a  62010673  
035 |a (OCoLC)00501178 
035 |9 AAK8113AM 
040 |a DLC  |c WSU  |d OCL  |d m.c.  |d TXA  |d UtOrBLW 
043 |a n-us--- 
049 |a TXAM  |c [1562003] 
050 0 |a JK2488  |b  J4 
082 0 |a 328.73 
100 1 |a Jewell, Malcolm E.,  |d 1928-2010. 
245 1 4 |a The State legislature :  |b politics and practice /  |c Malcolm E. Jewell. 
264 1 |a New York :  |b Random House,  |c [1962] 
264 4 |c ©1962 
300 |a 146 pages ;  |c 19 cm. 
336 |a text  |b txt  |2 rdacontent 
337 |a unmediated  |b n  |2 rdamedia 
338 |a volume  |b nc  |2 rdacarrier 
490 1 |a Studies in political science ;  |v PS37 
500 |a Includes index. 
504 |a Bibliography: pages 140-142. 
650 0 |a Legislative bodies  |z United States  |x States. 
650 0 |a State governments. 
830 0 |a Random House studies in political science ;  |v PS37. 
999 |a MARS 
999 f f |s 8aa4be31-9413-3df5-8525-80be4d8b2449  |i ca2791ed-1817-3e13-88ae-e0b050768e46  |t 0 
952 f f |p ric  |a Texas A&M University  |b Rellis Campus  |c Joint Library Facility  |d Remote Storage  |t 0  |e JK2488 J4  |h Library of Congress classification  |i unmediated -- volume  |m A14806023011 
998 f f |a JK2488 J4  |t 0  |l Remote Storage